000 01382nam a2200229Ia 4500
003 Ost
005 20260507075651.0
008 260507s9999||||xx |||||||||||||| ||und||
040 _cfsecg
041 _aara
082 _a658.4038
100 _aإدريس، ثابت عبد الرحمن
_eمؤلف
245 0 _aنظم المعلومات الإدارية في المنظمات المعاصرة /
_c ثابت عبد الرحمن إدريس
260 _aالإسكندرية:
_bالدار الجامعية للنشر والتوزيع,
_c2005
300 _a537 صفحة؛
_bإيضاحات ؛
_c24 سم
504 _aالمراجع ص.573
520 _aنظرية النظم، مفهوم وخصائص وأنواع النظم- نظرية المعلومات، المعلومات كمورد رئيسي للمنظمة- الدور الإستراتيجي لنظم المعلومات- نظم المعلومات والإدارة وإتخاذ القرارات - برامج تشغيل الحاسب- قواعد البيانات ومخازن البيانات- الإتصالات اللاسلكية والشبكات والانترنت- تحليل وتصميم نظام المعلومات.
653 _aالمعلومات الإدارية
653 _aنظم المعلومات الإدارية
653 _aنظم المعلومات- المؤسسة الممتدة
942 _cكتاب
999 _c45605
_d45605